| Tag |
First Indicator |
Second Indicator |
Subfields |
| LEADER |
00000cam a22000003 4500 |
| 001 |
in00004512821 |
| 005 |
20191204153748.0 |
| 008 |
100505s2010 ne a b 001 0 eng d |
| 020 |
|
|
|a 9781607504962
|
| 020 |
|
|
|a 1607504960
|
| 035 |
|
|
|a (OCoLC)ocn613421676
|
| 035 |
|
|
|a (OCoLC)613421676
|
| 035 |
|
|
|z (UtOrBLW)51903
|
| 035 |
|
|
|a 72752
|
| 040 |
|
|
|a BTCTA
|b eng
|c BTCTA
|d YDXCP
|d TMV
|d UtOrBLW
|
| 049 |
|
|
|a TMVM
|c 1
|
| 060 |
|
4 |
|a WE 103
|b E963 2010
|
| 245 |
0 |
0 |
|a Exercise physiology :
|b from a cellular to an integrative approach /
|c edited by Philippe Connes, Olivier Hue, and Stéphane Perrey.
|
| 264 |
|
1 |
|a Amsterdam ;
|a Washington, D.C. :
|b Ios Press,
|c [2010]
|
| 264 |
|
4 |
|c ©2010
|
| 300 |
|
|
|a xvi, 673 pages :
|b illustrations ;
|c 25 cm.
|
| 336 |
|
|
|a text
|2 rdacontent
|b txt
|
| 337 |
|
|
|a unmediated
|2 rdamedia
|
| 338 |
|
|
|a volume
|2 rdacarrier
|b nc
|
| 504 |
|
|
|a Includes bibliographical references and index.
|
| 650 |
|
2 |
|a Physical Exertion
|x physiology.
|
| 650 |
|
2 |
|a Exercise Test.
|
| 650 |
|
2 |
|a Exercise.
|
| 700 |
1 |
|
|a Connes, Philippe.
|
| 700 |
1 |
|
|a Hue, Olivier.
|
| 700 |
1 |
|
|a Perrey, Stéphane.
|
| 999 |
|
|
|a MARS
|
| 999 |
f |
f |
|s 3b47dc84-75d1-3cd4-a763-1903eea9a454
|i e13b4f9d-daac-31b2-ae19-0ba87d38cc3c
|t 0
|
| 952 |
f |
f |
|p ric
|a Texas A&M University
|b Rellis Campus
|c Joint Library Facility
|d Remote Storage
|t 0
|e WE 103 E963 2010
|h National Library of Medicine classification
|i unmediated -- volume
|m 3238902126665
|
| 998 |
f |
f |
|a WE 103 E963 2010
|t 0
|l Remote Storage
|